Vplyv drsnosti povrchu základných materiálov na priľnavosť PVD povlakov

Gespeichert in:
Bibliographische Detailangaben
1. Verfasser: Kotrus, Adam (Verfasst von)
Weitere Verfasser: Babincová, Paulína (Betreuung Doktorarbeit)
Format: Manuskript Buch
Sprache:Slowakisch
Veröffentlicht: 2019
Schlagworte:
Online-Zugang:http://is.stuba.sk/zp/portal_zp.pl?podrobnosti=134228
Tags: Tag hinzufügen
Keine Tags, Fügen Sie das erste Tag hinzu!

MARC

LEADER 00000ntm a22000003a 4500
001 stuzp73608
003 SK-STU
005 20200129103931.6
007 ta
008 150427s2015----xo-----f-mn---000-0-slo-d
040 |a STU  |b slo 
041 0 |a slo 
100 1 |a Kotrus, Adam  |u 061000  |4 aut  |U MTF Materiálovotechnologická fakulta  |T MTF Ústav materiálov  |X 85369  |U M1000  |Y 81  |7 85369 
242 0 1 |a Influence of surface roughness of the base materials on the adhesion of PVD coatings  |y eng 
245 1 0 |a Vplyv drsnosti povrchu základných materiálov na priľnavosť PVD povlakov 
260 |c 2019 
650 4 |a povlak  |2 slo 
650 4 |a substrát  |2 slo 
650 4 |a adhézia  |2 slo 
650 4 |a coating  |2 eng 
650 4 |a substrate  |2 eng 
650 4 |a adhesion  |2 eng 
700 1 |a Babincová, Paulína  |u 061000  |k Z2  |4 ths  |U MTF Materiálovotechnologická fakulta  |T MTF Ústav materiálov  |X 48456  |U M1000  |Y 81  |7 48456 
856 4 |u http://is.stuba.sk/zp/portal_zp.pl?podrobnosti=134228 
996 |c M* BP-8502  |l MMSKP  |s P  |a 0  |w stuzp73608_0001